Instrumental methods of chemical analysis (Record no. 42)

MARC details
000 -LEADER
fixed length control field 00466 a2200169 4500
001 - CONTROL NUMBER
control field 001591
003 - CONTROL NUMBER IDENTIFIER
control field OSt
005 - DATE AND TIME OF LATEST TRANSACTION
control field 20211108144728.0
008 - FIXED-LENGTH DATA ELEMENTS--GENERAL INFORMATION
fixed length control field
082 ## - DEWEY DECIMAL CLASSIFICATION NUMBER
Classification number 543.08
Item number Y11I
100 1# - MAIN ENTRY--PERSONAL NAME
Personal name Yadav, M.S.
245 1# - TITLE STATEMENT
Title Instrumental methods of chemical analysis
Statement of responsibility, etc by M.S. Yadav
260 ## - PUBLICATION, DISTRIBUTION, ETC. (IMPRINT)
Place of publication, distribution, etc New Delhi
Name of publisher, distributor, etc Campus Books
Date of publication, distribution, etc 2008
300 ## - PHYSICAL DESCRIPTION
Extent 548p.
690 ## - LOCAL SUBJECT ADDED ENTRY--TOPICAL TERM (OCLC, RLIN)
Topical term or geographic name as entry element Spectrum analysis; Chemistry, Analytic; Instrumental analysis
942 ## - ADDED ENTRY ELEMENTS (KOHA)
Source of classification or shelving scheme Dewey Decimal Classification
Koha item type Books
Holdings
Withdrawn status Lost status Source of classification or shelving scheme Damaged status Not for loan Collection code Home library Current library Date acquired Source of acquisition Cost, normal purchase price Total Checkouts Full call number Barcode Date last seen Date checked out Price effective from Koha item type
    Dewey Decimal Classification     General Text Book Central University Of Rajasthan Central University Of Rajasthan 28/09/2010 CHM 2000.00 10 543.08 Y11I 1583 10/02/2025 27/01/2025 02/09/2020 Books